Rouyn-Noranda Airport Destinations (Rouyn-Noranda, Canada) - Statistics

General Stats
  • This quiz has been taken 8 times
  • The average score is 3 of 8
Answer Stats
Airline Destination % Correct
Air Canada Express/Glencore/Hydro-Quebec Montréal (Trudeau)
100%
Air Liaison Québec City
83%
Air Creebec Val-d'Or
67%
Hydro-Quebec Bagotville
0%
Glencore Kattiniq/Donaldson
0%
Hydro-Quebec La Grande Riviere
0%
Air Creebec Mine Éléonore
0%
Hydro-Quebec Nemiscau
0%
No matching quizzes found
Score Distribution
Percent of People with Each Score
Percentile by Number Answered
Your Score History
You have not taken this quiz